Epístolas a Timoteo y a Tito (Record no. 189294)

MARC details
000 -LEADER
campo de control de longitud fija 00839nam a2200229 i 4500
001 - NÚMERO DE CONTROL
campo de control 189294
003 - IDENTIFICADOR DE NÚMERO DE CONTROL
campo de control SpMaBN
005 - FECHA Y HORA DE LA ÚLTIMA TRANSACCIÓN
campo de control 20230906223435.0
008 - DATOS DE LONGITUD FIJA--INFORMACIÓN GENERAL
campo de control de longitud fija 190521s1970 sp |||| | spa d
080 ## - NÚMERO DE LA CLASIFICACIÓN DECIMAL UNIVERSAL
Número de la Clasificación Decimal Universal 227.83.017
080 ## - NÚMERO DE LA CLASIFICACIÓN DECIMAL UNIVERSAL
Número de la Clasificación Decimal Universal 227.85.017
100 1# - ENTRADA PRINCIPAL--NOMBRE DE PERSONA
Nombre de persona Jeremias, Joachim (
Fechas asociadas al nombre 1900-1979)
9 (RLIN) 66328
245 10 - MENCIÓN DEL TÍTULO
Título Epístolas a Timoteo y a Tito
Resto del título : texto y comentario /
Mención de responsabilidad, etc. Joachim Jeremias ; [traducción de la 8ª ed. revisada alemana, José María Bernáldez Montalvo].
260 ## - PUBLICACIÓN, DISTRIBUCIÓN, ETC.
Lugar de publicación, distribución, etc. Madrid :
Nombre del editor, distribuidor, etc. Fax,
Fecha de publicación, distribución, etc. [1970]
300 ## - DESCRIPCIÓN FÍSICA
Extensión 188 p. ;
Dimensiones 23 cm.
490 1# - MENCIÓN DE SERIE
Mención de serie Actualidad bíblica ;
Designación de volumen o secuencia 21
630 07 - PUNTO DE ACCESO ADICIONAL DE MATERIA--TÍTULO UNIFORME
Título uniforme Biblia.
Nombre de parte o sección de la obra N.T.
-- Epístolas pastorales-
Subdivisión general Crítica e interpretación.
9 (RLIN) 167071
700 1# - ENTRADA AGREGADA--NOMBRE PERSONAL
Nombre de persona Bernáldez Montalvo, José María.
9 (RLIN) 153063
830 0# - PUNTO DE ACCESO ADICIONAL DE SERIE-TÍTULO UNIFORME
Título uniforme Actualidad bíblica ;
Designación de volumen o secuencia 21
9 (RLIN) 193281
852 ## - LOCALIZACIÓN
Ubicación ES-MaACL
Número de control de estantería J-9(19)
Holdings
Estatus retirado Estado de pérdida Estado de daño No para préstamo Biblioteca de origen Biblioteca actual Ubicación en estantería Fecha de adquisición Fuente de adquisición Total de préstamos Signatura topográfica completa Código de barras Visto por última vez Precio de reemplazo Tipo de ítem Koha
        Biblioteca del Ateneo de Madrid Biblioteca del Ateneo de Madrid Depósito 2 21/05/2019     J-9(19) 1200558 23/02/2023 23/02/2023 Libro impreso